00999naa a22002417a 4500001001000000003000900010005001700019007000300036008003400039040005400073041000900127072002000136100001800156111009200174245011000266260003800376500012300414650003300537650001800570650002700588650002200615773012000637BR5500101BR-BrBNA20240918172833.0ta230509b bl.||||| |||| 00| 0 por d aBR-BrBNAbporcBiblioteca Nacional de Agricultura a(Pt) aL10b5213bG5141 aPerello, R.M.1 a1. Congresso Brasileiro de Estudantes de AgronomiacPiracicaba, SP (Brazil)d6 Sep 19541 aA inseminacao artificial no Rio Grande do Sul - possibilidade de seu emprego em bovinos de corte [Brasil]3 aPiracicaba, SP (Brasil): c1955.  aAnais do 1. Congresso Brasileiro de Estudantes de Agronomia Piracicaba, SP (Brasil): 1955. p. 15-22 (BR5500101-AM)L10  aMelhoramento genetico animal aGado de corte aInseminacao artificial aRio Grande do Sul0 tAnais do 1. Congresso Brasileiro de Estudantes de AgronomiawL10 BR5500101gPiracicaba, SP (Brasil), 1955. p. 15-22